|
|
|
|
| LEADER |
00000nam0a2200000 4500 |
| 001 |
241850 |
| 005 |
20231101231841.0 |
| 010 |
|
|
|a 9785932860618
|
| 035 |
|
|
|a (RuTPU)RU\TPU\book\263139
|
| 035 |
|
|
|a RU\TPU\book\93484
|
| 090 |
|
|
|a 241850
|
| 100 |
|
|
|a 20130820d2011 km y0rusy50 ca
|
| 101 |
1 |
|
|a rus
|c eng
|
| 102 |
|
|
|a RU
|
| 105 |
|
|
|a a z 001zy
|
| 200 |
1 |
|
|a Человеческий фактор: успешные проекты и команды
|e пер. с англ.
|f Т. Демарко, Т. Листер
|
| 205 |
|
|
|a 2-е изд.
|
| 210 |
|
|
|a Санкт-Петербург
|c Символ-Плюс
|d 2011
|
| 215 |
|
|
|a 249 с.
|c ил.
|
| 225 |
1 |
|
|a Профессионально
|
| 320 |
|
|
|a Библиогр.: с. 237-242.
|
| 320 |
|
|
|a Алфавитный указатель: с. 243-249.
|
| 330 |
|
|
|a Книга Тома Демарко и Тимоти Листера «Человеческий фактор: успешные проекты и команды» - перевод 2-го издания всемирно известного бестселлера об управлении проектами разработки ПО. Первое издание содержало революционные по тем временам (1987 г.) идеи, которые выдержали проверку временем. Авторы скорректировали свои выводы и добавили несколько новых глав. Ценность этой книги в том, что в ней описываются принципы, за каждым из которых стоит реальная история. Все главы содержат наблюдения и новаторские подходы, которые заставят читателей и руководителей увидеть важные вопросы в новом, более разумном ракурсе. С юмором и мудростью, обретенными за годы руководства и консультирования, Демарко и Листер демонстрируют, что сложнейшие проблемы разработки ПО имеют человеческую, а не техническую природу. Они не дают простых ответов, но дают правильные, подкрепленные научными исследованиями. Издание предназначено в первую очередь руководителям проектов, но будет полезно и рядовым программистам.
|
| 606 |
1 |
|
|a Менеджмент
|2 stltpush
|3 (RuTPU)RU\TPU\subj\42098
|9 61850
|
| 610 |
1 |
|
|a экономика
|
| 610 |
1 |
|
|a упрочнение
|
| 610 |
1 |
|
|a менеджмент
|
| 610 |
1 |
|
|a проекты
|
| 610 |
1 |
|
|a проект-менеджмент
|
| 610 |
1 |
|
|a управление
|
| 610 |
1 |
|
|a человеческий фактор
|
| 610 |
1 |
|
|a команды
|
| 610 |
1 |
|
|a командные методы
|
| 686 |
|
|
|a У821
|v LBC/SL-A
|2 rubbk
|
| 700 |
|
1 |
|a Демарко
|b Т.
|g Том
|
| 701 |
|
1 |
|a Листер
|b Т.
|g Тимоти
|
| 801 |
|
1 |
|a RU
|b 63413507
|c 20051205
|g PSBO
|
| 801 |
|
2 |
|a RU
|b 63413507
|c 20130902
|g PSBO
|
| 942 |
|
|
|c BK
|